Obras completas; tomo iv /

Guardado en:
Autor Principal: Luciano
Formato: Libro
Publicado: España : Hernando, 1901
Series:Bibl. Clásica
Materias:
Etiquetas: Agregar Etiqueta
Sin Etiquetas, Sea el primero en etiquetar este registro!
LEADER 00439nam a22001695a 4500
001 CEM.cems003945
005 19000101000000.0
008 130507s1901##################000#0#####d
003 CEMS
082 0 4 |a 888 
100 1 |a Luciano 
245 1 0 |a Obras completas; tomo iv / 
260 |a España :  |b Hernando,  |c 1901 
300 |a 438 p. 
490 0 |a Bibl. Clásica 
653 |a Literatura 
859 |a CEMS  |b BIB. CEMS - 11 de abril  |h 888  |i L963/IV  |p 15671.76  |t Ej.1